La diversidad biológica de Iberoamerica I / (Record no. 16393)

MARC details
000 -CABECERA
campo de control de longitud fija 00755nam a2200229 a 4500
005 - FECHA Y HORA DE LA ÚLTIMA TRANSACCIÓN
campo de control 20210223121353.0
008 - ELEMENTOS DE LONGITUD FIJA--INFORMACIÓN GENERAL
campo de control de longitud fija 991125 xal 000 0 spa u
020 ## - NÚMERO INTERNACIONAL NORMALIZADO PARA LIBROS
Número Internacional Estándar del Libro 9687213310
035 ## - NÚMERO DE CONTROL DEL SISTEMA
Número de control de sistema UPN01000016393
049 ## - COLECCIÓN
Colección CG
050 #4 - SIGNATURA TOPOGRÁFICA DE LA BIBLIOTECA DEL CONGRESO
Número de clasificación QH315 D59
245 03 - MENCIÓN DE TÍTULO
Título La diversidad biológica de Iberoamerica I /
Mención de responsabilidad, etc. Gonzalo Halffter, comp
260 ## - PUBLICACIÓN, DISTRIBUCIÓN, ETC.
Lugar de publicación, distribución, etc. Xalapa :
Nombre del editor, distribuidor, etc. Instituto de Ecología
300 ## - DESCRIPCIÓN FÍSICA
Extensión 389 p. +
Material acompañante/anejo 3 mapas.
500 ## - NOTA GENERAL
Nota general "Acta Zoológica Mexicana. Volumen especial 1992"
500 ## - NOTA GENERAL
Nota general "CYTED-D Programa Iberoamericano de Ciencia y Tecnología para el Desarrollo"
650 #4 - ASIENTO SECUNDARIO DE MATERIA - TERMINO TEMATICO
Término de materia o nombre geográfico como elemento de entrada BIOLOGIA -
Subdivisión geográfica AMERICA LATINA
9 (RLIN) 4223
650 #4 - ASIENTO SECUNDARIO DE MATERIA - TERMINO TEMATICO
Término de materia o nombre geográfico como elemento de entrada INVESTIGACION BIOLOGICA
9 (RLIN) 4538
700 2# - ASIENTO SECUNDARIO--NOMBRE DE PERSONAL
Nombre de persona Halffter, Gonzalo,
Término indicativo de función/relación comp.
904 ## - ELEMENTOS DE DATOS D LOCAL, LDD (RLIN)
a AC
b 016394
905 ## - TIPO DE MATERIAL
Tipo de material Libro
Holdings
Estado de retiro Estado de pérdida Fuente del sistema de clasificación o colocación Estado dañado No para préstamo Código de colección Localización permanente Ubicación/localización actual Ubicación en estantería Enumeración/cronología de publicación seriada Total de préstamos Clasificación Código de barras Fecha visto por última vez Número de copia Tipo de ítem Koha
    Library of Congress Classification     Colección General Bib. Gregorio Torres Quintero Bib. Gregorio Torres Quintero Planta baja - 1 QH315 D59 47219 31/12/2020 1 Libro